[Event "Oberliga Ost-B 0102"]
[Site "Germany"]
[Date "2002.02.02"]
[Round "6.1"]
[White "Taimanov, Mark E"]
[Black "Ragozin, Evgeni"]
[Result "1/2-1/2"]
[WhiteElo "2439"]
[BlackElo "2429"]
[PlyCount "142"]
[EventDate "2001.10.07"]
[EventType "team"]
[EventRounds "11"]
[EventCountry "GER"]
[SourceTitle "EXT 2003"]
[Source "ChessBase"]
[SourceDate "2002.11.25"]
[SourceVersion "1"]
[SourceVersionDate "2002.11.25"]
[SourceQuality "1"]
[WhiteTeam "Offenbach"]
[BlackTeam "Frankfurt"]
[WhiteTeamCountry "GER"]
[BlackTeamCountry "GER"]

1. c4 Nf6 2. Nc3 g6 3. g3 d5 4. cxd5 Nxd5 5. Bg2 Nxc3 6. bxc3 Bg7 7. Rb1 Nd7 8. Nf3 0-0 9. 0-0 Rb8 10. c4 b6 11. Bb2 Bb7 12. Bxg7 Kxg7 13. Rb3 e5 14. Re3 Re8 15. Qa1 f6 16. Rd1 Bxf3 17. Bxf3 Re6 18. d4 Rd6 19. Red3 Qe7 20. dxe5 Nxe5 21. Rxd6 cxd6 22. Bd5 Nd7 23. Rd3 Re8 24. Bc6 Ne5 25. Re3 Rc8 26. Bd5 Qc7 27. Kg2 Qc5 28. a4 Rc7 29. Re4 Re7 30. Qb1 Nc6 31. h3 Rxe4 32. Qxe4 Ne5 33. f4 f5 34. Qc2 Nc6 35. Qb2+ Qd4 36. Qa3 Ne7 37. Qxd6 Qe3 38. Bf3 h5 39. a5 Qc5 40. Qxc5 bxc5 41. Kf2 Nc8 42. Ke3 Nd6 43. Kd3 Kf6 44. e3 Kg7 45. e4 fxe4+ 46. Bxe4 Kf6 47. Bd5 Kf5 48. Ke3 Kf6 49. Kf3 Kf5 50. Be4+ Kf6 51. Bd3 Nb7 52. a6 Nd6 53. g4 hxg4+ 54. hxg4 g5 55. Ke3 Ne8 56. Ke4 Nc7 57. Be2 gxf4 58. Kxf4 Nxa6 59. g5+ Ke7 60. Ke5 Nb4 61. g6 Nc6+ 62. Kd5 Nd4 63. Bg4 Kf6 64. Kxc5 Nb3+ 65. Kb4 Nd4 66. Bh5 Ne6 67. c5 a5+ 68. Kc4 a4 69. c6 a3 70. Kb3 Nd4+ 71. Kxa3 Nxc6 1/2-1/2

[Event "Chalkida op 5th"]
[Site "Chalkida"]
[Date "2001.11.22"]
[Round "8"]
[White "Ragozin, Evgeni"]
[Black "Kordis, Konstantinos"]
[Result "1-0"]
[WhiteElo "2429"]
[BlackElo "2205"]
[PlyCount "35"]
[EventDate "2001.11.16"]
[EventType "swiss"]
[EventRounds "9"]
[EventCountry "GRE"]
[SourceTitle "CBM 085 Extra"]
[Source "ChessBase"]
[SourceDate "2002.01.21"]
[SourceVersion "1"]
[SourceVersionDate "2002.01.21"]
[SourceQuality "1"]

1. c4 e5 2. Nc3 Nc6 3. g3 h5 4. Nf3 d6 5. e3 g5 6. h3 Rh6 7. d3 g4 8. hxg4 hxg4 9. Rxh6 Bxh6 10. Nh2 Qg5 11. Bg2 Nge7 12. Nb5 Kd8 13. Nc3 Qg6 14. a3 Bf5 15. Be4 Qh5 16. Bxf5 Nd4 17. Bxg4 Qxh2 18. exd4 1-0

[Event "Alushta2"]
[Site "Alushta"]
[Date "2000.10.25"]
[Round "11"]
[White "Ragozin, Evgeni"]
[Black "Voitsekhovsky, Stanislav"]
[Result "1/2-1/2"]
[WhiteElo "2489"]
[BlackElo "2516"]
[PlyCount "57"]
[EventDate "2000.10.15"]
[EventType "tourn"]
[EventRounds "13"]
[EventCountry "UKR"]
[EventCategory "8"]
[SourceTitle "EXT 2001"]
[Source "ChessBase"]
[SourceDate "2000.11.22"]
[SourceVersion "1"]
[SourceVersionDate "2000.11.22"]
[SourceQuality "1"]

1. c4 Nf6 2. Nf3 g6 3. Nc3 Bg7 4. e4 d6 5. d4 0-0 6. Be2 e5 7. 0-0 Nc6 8. d5 Ne7 9. Ne1 Nd7 10. Nd3 f5 11. Bd2 Kh8 12. Rc1 Ng8 13. Qc2 a6 14. b4 Ndf6 15. f3 f4 16. c5 g5 17. g4 fxg3 18. hxg3 Bh3 19. Rf2 g4 20. Bf1 Bxf1 21. Rcxf1 gxf3 22. Rxf3 Qe8 23. Nb2 Qg6 24. Nc4 Nh5 25. Qd3 Rxf3 26. Rxf3 Bh6 27. Kf1 Bxd2 28. Nxd2 Ngf6 29. Ke1 1/2-1/2

[Event "Alushta2"]
[Site "Alushta"]
[Date "2000.10.18"]
[Round "4"]
[White "Itkis, Boris"]
[Black "Ragozin, Evgeni"]
[Result "0-1"]
[WhiteElo "2384"]
[BlackElo "2489"]
[PlyCount "74"]
[EventDate "2000.10.15"]
[EventType "tourn"]
[EventRounds "13"]
[EventCountry "UKR"]
[EventCategory "8"]
[SourceTitle "EXT 2001"]
[Source "ChessBase"]
[SourceDate "2000.11.22"]
[SourceVersion "1"]
[SourceVersionDate "2000.11.22"]
[SourceQuality "1"]

1. d4 Nf6 2. Nf3 g6 3. c4 Bg7 4. g3 d5 5. cxd5 Nxd5 6. Bg2 Nb6 7. 0-0 Nc6 8. e3 0-0 9. Nc3 e5 10. d5 Na5 11. e4 c6 12. Bg5 f6 13. Be3 cxd5 14. exd5 Nbc4 15. Bc5 Nd6 16. Rc1 Bh6 17. Nd2 Bf5 18. b4 Nac4 19. Nxc4 Nxc4 20. Bxf8 Qxf8 21. Qe2 Bxc1 22. Rxc1 Qxb4 23. d6 Nb6 24. Bxb7 Rb8 25. Be4 Bd7 26. Qd3 Kf7 27. Rd1 Qa3 28. Nd5 Qxd3 29. Rxd3 f5 30. Bg2 e4 31. Rd4 Nxd5 32. Rxd5 Rb1+ 33. Bf1 f4 34. h4 e3 35. fxe3 fxe3 36. Re5 Bh3 37. d7 Rxf1+ 0-1

[Event "Alushta2"]
[Site "Alushta"]
[Date "2000.10.15"]
[Round "1"]
[White "Ragozin, Evgeni"]
[Black "Shalimov, Valery"]
[Result "1/2-1/2"]
[WhiteElo "2489"]
[BlackElo "2406"]
[PlyCount "115"]
[EventDate "2000.10.15"]
[EventType "tourn"]
[EventRounds "13"]
[EventCountry "UKR"]
[EventCategory "8"]
[SourceTitle "EXT 2001"]
[Source "ChessBase"]
[SourceDate "2000.11.22"]
[SourceVersion "1"]
[SourceVersionDate "2000.11.22"]
[SourceQuality "1"]

1. c4 e6 2. Nc3 d5 3. d4 Nf6 4. Nf3 c6 5. Bg5 h6 6. Bxf6 Qxf6 7. e3 Nd7 8. a3 Qd8 9. Bd3 Be7 10. 0-0 0-0 11. Qe2 dxc4 12. Bxc4 b6 13. Rfd1 Bb7 14. e4 Qc7 15. Rac1 Rac8 16. Ba2 Rfe8 17. b4 a5 18. Qb2 axb4 19. axb4 Qf4 20. e5 h5 21. Bb1 c5 22. Ne2 Qh6 23. dxc5 Bxf3 24. gxf3 Qg5+ 25. Kf1 Qxe5 26. Qxe5 Nxe5 27. f4 Ng4 28. cxb6 Rb8 29. Rc6 Bxb4 30. Be4 f5 31. Bc2 Nxh2+ 32. Kg2 Ng4 33. Rb1 Bd2 34. Rd6 Ba5 35. Ba4 Re7 36. Rb5 Be1 37. Nd4 Reb7 38. Nc6 Rxb6 39. Rxb6 Rxb6 40. Ne7+ Kf7 41. Rxb6 Kxe7 42. Bb3 Bxf2 43. Rxe6+ Kf8 44. Ba4 Kf7 45. Re2 Be3 46. Kf3 g6 47. Rc2 Bb6 48. Rb2 Bc5 49. Rb7+ Be7 50. Bb3+ Kf6 51. Ke2 Nh6 52. Rb6+ Kg7 53. Kd3 h4 54. Kd4 h3 55. Rb7 Kf6 56. Rb6+ Kg7 57. Rb8 Kf6 58. Rb6+ 1/2-1/2

[Event "Haarlem AKN op 09th"]
[Site "Haarlem"]
[Date "2000.06.30"]
[Round "2"]
[White "Ragozin, Evgeni"]
[Black "De Mie, Mariska"]
[Result "1-0"]
[WhiteElo "2475"]
[BlackElo "2168"]
[PlyCount "59"]
[EventDate "2000.06.30"]
[EventType "swiss"]
[EventRounds "6"]
[EventCountry "NED"]
[SourceTitle "EXT 2001"]
[Source "ChessBase"]
[SourceDate "2000.11.22"]
[SourceVersion "1"]
[SourceVersionDate "2000.11.22"]
[SourceQuality "1"]

1. c4 e5 2. Nc3 Nf6 3. Nf3 Nc6 4. a3 d5 5. cxd5 Nxd5 6. e3 Nxc3 7. bxc3 e4 8. Nd4 Nxd4 9. cxd4 Bd6 10. Qc2 Qe7 11. Bb5+ Bd7 12. Bxd7+ Kxd7 13. Rb1 Kc8 14. d3 Re8 15. 0-0 Rb8 16. Bd2 Qh4 17. g3 Qg4 18. Bb4 Bxb4 19. Rxb4 exd3 20. Qxd3 Qg6 21. Qb3 Qe6 22. Qa4 Qc6 23. Qxa7 Kd7 24. d5 Qa6 25. Qd4 Qf6 26. Qg4+ Ke7 27. Rc1 Kf8 28. Rxc7 Qa1+ 29. Kg2 Qxa3 30. Qd7 1-0

[Event "Petrov Memorial op"]
[Site "St Petersburg"]
[Date "2000.02.15"]
[Round "8"]
[White "Bu, Xiangzhi"]
[Black "Ragozin, Evgeni"]
[Result "1/2-1/2"]
[WhiteElo "2565"]
[BlackElo "2475"]
[PlyCount "101"]
[EventDate "2000.02.05"]
[EventType "swiss"]
[EventRounds "9"]
[EventCountry "RUS"]
[SourceTitle "CBM 076"]
[Source "ChessBase"]
[SourceDate "2000.05.31"]
[SourceVersion "1"]
[SourceVersionDate "2000.05.31"]
[SourceQuality "1"]

1. d4 f5 2. c4 Nf6 3. g3 g6 4. Bg2 Bg7 5. Nf3 0-0 6. 0-0 c6 7. b3 d6 8. Bb2 Na6 9. Nc3 Qa5 10. a3 e5 11. b4 Qc7 12. b5 Nb8 13. bxc6 bxc6 14. d5 e4 15. Nd4 Qb7 16. Rb1 cxd5 17. cxd5 Na6 18. Nc6 Nc5 19. Na4 Qf7 20. Nxc5 dxc5 21. Qc2 Ba6 22. Rfd1 Nd7 23. Bc1 Kh8 24. Be3 Rfe8 25. Bf1 h6 26. Qa4 Bc8 27. Qa5 g5 28. Nd8 Qf6 29. Ne6 f4 30. Nxg7 Qxg7 31. Bxc5 Nxc5 32. Qxc5 e3 33. fxe3 fxg3 34. hxg3 Bf5 35. Rb4 Rac8 36. Qd4 Qxd4 37. Rdxd4 Rc1 38. Rbc4 Ra1 39. g4 Bd7 40. Rc7 Bb5 41. Rf7 Kg8 42. Rf2 Rxe3 43. Kh2 Raxa3 44. d6 Bd7 45. Bg2 Kg7 46. Bd5 Rh3+ 47. Kg2 Rhg3+ 48. Kh1 Rh3+ 49. Kg1 Rhg3+ 50. Kh2 Rh3+ 51. Kg2 1/2-1/2

[Event "Petrov Memorial op"]
[Site "St Petersburg"]
[Date "2000.02.13"]
[Round "6"]
[White "Lastin, Alexander"]
[Black "Ragozin, Evgeni"]
[Result "1/2-1/2"]
[WhiteElo "2510"]
[BlackElo "2475"]
[PlyCount "83"]
[EventDate "2000.02.05"]
[EventType "swiss"]
[EventRounds "9"]
[EventCountry "RUS"]
[SourceTitle "CBM 076"]
[Source "ChessBase"]
[SourceDate "2000.05.31"]
[SourceVersion "1"]
[SourceVersionDate "2000.05.31"]
[SourceQuality "1"]

1. d4 Nf6 2. Nf3 g6 3. c4 Bg7 4. Nc3 0-0 5. e4 d6 6. Be2 Na6 7. 0-0 e5 8. Be3 Ng4 9. Bg5 Qe8 10. dxe5 dxe5 11. h3 h6 12. Bc1 Nf6 13. Be3 b6 14. a3 Nc5 15. Qc2 Bb7 16. Bxc5 bxc5 17. Nd5 Qb8 18. Nd2 Ba6 19. b4 cxb4 20. axb4 Bb7 21. Nb3 Bxd5 22. cxd5 Qxb4 23. Nc5 Qb8 24. Ba6 Qd8 25. Bb7 Rb8 26. Rxa7 Qd6 27. Rb1 h5 28. Na6 Qa3 29. Qb2 Qxb2 30. Rxb2 Nxe4 31. Nxb8 Rxb8 32. Rc2 Nd6 33. Ra8 Rxa8 34. Bxa8 e4 35. Rxc7 Bd4 36. Kf1 Kg7 37. Rc6 Be5 38. Ra6 h4 39. Bc6 Kf6 40. Ke2 Bf4 41. Ra7 Ke5 42. Be8 1/2-1/2

[Event "Alushta"]
[Site "Alushta"]
[Date "2000.??.??"]
[Round "1"]
[White "Bets, Anatolij"]
[Black "Ragozin, Evgeni"]
[Result "0-1"]
[WhiteElo "2413"]
[BlackElo "2475"]
[PlyCount "61"]
[EventDate "2000.??.??"]
[EventType "tourn"]
[EventRounds "15"]
[EventCountry "UKR"]
[EventCategory "8"]
[SourceTitle "EXT 2001"]
[Source "ChessBase"]
[SourceDate "2000.11.22"]
[SourceVersion "1"]
[SourceVersionDate "2000.11.22"]
[SourceQuality "1"]

1. d4 Nf6 2. c4 g6 3. Nc3 Bg7 4. e4 d6 5. Be2 0-0 6. Nf3 Na6 7. 0-0 e5 8. Bd2 Ng4 9. Bg5 Qe8 10. d5 h6 11. Bd2 f5 12. Ne1 Nf6 13. exf5 gxf5 14. Nd3 f4 15. f3 Bf5 16. a3 Qg6 17. Nf2 Bc2 18. Qe1 Nc5 19. b4 Nb3 20. Ra2 Nd4 21. Bd1 Bb3 22. Rb2 Bxc4 23. Nfe4 Nxd5 24. Nxd5 Bxd5 25. Be3 Nf5 26. Bd2 Bc4 27. Bc2 d5 28. Nc3 e4 29. fxe4 Bxf1 30. Kxf1 Ne3+ 31. Bxe3 0-1

[Event "Alushta"]
[Site "Alushta"]
[Date "2000.??.??"]
[Round "10"]
[White "Efimenko, Zahar"]
[Black "Ragozin, Evgeni"]
[Result "1-0"]
[WhiteElo "2332"]
[BlackElo "2475"]
[PlyCount "51"]
[EventDate "2000.??.??"]
[EventType "tourn"]
[EventRounds "15"]
[EventCountry "UKR"]
[EventCategory "8"]
[SourceTitle "EXT 2001"]
[Source "ChessBase"]
[SourceDate "2000.11.22"]
[SourceVersion "1"]
[SourceVersionDate "2000.11.22"]
[SourceQuality "1"]

1. e4 e5 2. Nf3 Nc6 3. Bb5 Nf6 4. 0-0 Nxe4 5. d4 Nd6 6. Bxc6 dxc6 7. dxe5 Nf5 8. Qxd8+ Kxd8 9. Nc3 h6 10. h3 a5 11. Bf4 Be6 12. Rad1+ Ke8 13. g4 Ne7 14. Nd4 h5 15. Nxe6 fxe6 16. Ne4 Ng6 17. Bg3 Ra6 18. f4 hxg4 19. hxg4 Rb6 20. b3 Rb4 21. c4 a4 22. f5 Nh4 23. f6 b6 24. fxg7 Bxg7 25. Nf6+ Bxf6 26. exf6 1-0

[Event "Alushta"]
[Site "Alushta"]
[Date "2000.??.??"]
[Round "3"]
[White "Itkis, Boris"]
[Black "Ragozin, Evgeni"]
[Result "0-1"]
[WhiteElo "2387"]
[BlackElo "2475"]
[PlyCount "32"]
[EventDate "2000.??.??"]
[EventType "tourn"]
[EventRounds "15"]
[EventCountry "UKR"]
[EventCategory "8"]
[SourceTitle "EXT 2001"]
[Source "ChessBase"]
[SourceDate "2000.11.22"]
[SourceVersion "1"]
[SourceVersionDate "2000.11.22"]
[SourceQuality "1"]

1. e4 e5 2. Nf3 Nc6 3. Nc3 Bc5 4. Nxe5 Nxe5 5. d4 Bd6 6. dxe5 Bxe5 7. Qd3 Nf6 8. Bd2 0-0 9. 0-0-0 Re8 10. f3 a5 11. g4 Ra6 12. Qe3 Rb6 13. Na4 Rd6 14. c3 b6 15. f4 Bxf4 16. Qxf4 Rxe4 0-1

[Event "Alushta"]
[Site "Alushta"]
[Date "2000.??.??"]
[Round "7"]
[White "Ragozin, Evgeni"]
[Black "Gaprindashvili, Valeriane"]
[Result "0-1"]
[WhiteElo "2475"]
[BlackElo "2446"]
[PlyCount "106"]
[EventDate "2000.??.??"]
[EventType "tourn"]
[EventRounds "15"]
[EventCountry "UKR"]
[EventCategory "8"]
[SourceTitle "EXT 2001"]
[Source "ChessBase"]
[SourceDate "2000.11.22"]
[SourceVersion "1"]
[SourceVersionDate "2000.11.22"]
[SourceQuality "1"]

1. d4 e6 2. c4 Nf6 3. Nc3 Bb4 4. Qc2 c5 5. dxc5 Na6 6. a3 Bxc3+ 7. Qxc3 Nxc5 8. f3 d6 9. b4 Na4 10. Qb3 Nb6 11. e4 e5 12. Ne2 Be6 13. Nc3 Rc8 14. Nd5 Nfxd5 15. cxd5 Bd7 16. Bd3 Na4 17. Be3 Qh4+ 18. g3 Qh3 19. Bf1 Qh5 20. g4 Qh4+ 21. Kd2 Rc3 22. Qd1 a6 23. Be2 h5 24. gxh5 Rxh5 25. Qg1 Kf8 26. Bd1 Rc8 27. Bxa4 Bxa4 28. Rc1 Qh3 29. Qf2 Rxc1 30. Rxc1 Qxh2 31. Rc8+ Be8 32. Qxh2 Rxh2+ 33. Ke1 Rh1+ 34. Kf2 Ra1 35. Ba7 b5 36. Bb8 Ke7 37. Rc7+ Bd7 38. Rb7 Ra2+ 39. Kg3 f5 40. exf5 Rd2 41. Kh4 Rxd5 42. Kg5 Rd3 43. Rb6 Rxf3 44. Bxd6+ Kf7 45. Rxa6 Rxf5+ 46. Kh4 e4 47. Bc5 Rf3 48. Rd6 Be6 49. Kg5 e3 50. Rd1 e2 51. Re1 Bc4 52. Bd4 Rf1 53. Bc3 Ke6 0-1

[Event "Alushta"]
[Site "Alushta"]
[Date "2000.??.??"]
[Round "5"]
[White "Ragozin, Evgeni"]
[Black "Kalugin, Sergei G"]
[Result "0-1"]
[WhiteElo "2475"]
[BlackElo "2455"]
[PlyCount "52"]
[EventDate "2000.??.??"]
[EventType "tourn"]
[EventRounds "15"]
[EventCountry "UKR"]
[EventCategory "8"]
[SourceTitle "EXT 2001"]
[Source "ChessBase"]
[SourceDate "2000.11.22"]
[SourceVersion "1"]
[SourceVersionDate "2000.11.22"]
[SourceQuality "1"]

1. c4 e6 2. Nc3 d5 3. d4 Nf6 4. Bg5 c6 5. e3 Nbd7 6. Nf3 Qa5 7. cxd5 exd5 8. Bd3 Ne4 9. 0-0 Nxg5 10. Nxg5 Nf6 11. f4 h6 12. Nf3 Bd6 13. Ne5 0-0 14. g4 Qd8 15. h3 Re8 16. Bc2 Nd7 17. e4 dxe4 18. Bb3 Rf8 19. Nxf7 Rxf7 20. g5 Nf8 21. g6 Nxg6 22. Qh5 Qf6 23. Nxe4 Qxd4+ 24. Nf2 Qxf4 25. Bxf7+ Qxf7 26. Ne4 Bf4 0-1

[Event "Alushta"]
[Site "Alushta"]
[Date "2000.??.??"]
[Round "9"]
[White "Ragozin, Evgeni"]
[Black "Yagupov, Igor"]
[Result "1/2-1/2"]
[WhiteElo "2475"]
[BlackElo "2482"]
[PlyCount "112"]
[EventDate "2000.??.??"]
[EventType "tourn"]
[EventRounds "15"]
[EventCountry "UKR"]
[EventCategory "8"]
[SourceTitle "EXT 2001"]
[Source "ChessBase"]
[SourceDate "2000.11.22"]
[SourceVersion "1"]
[SourceVersionDate "2000.11.22"]
[SourceQuality "1"]

1. c4 c6 2. d4 d5 3. Nc3 Nf6 4. Nf3 e6 5. Bg5 h6 6. Bxf6 Qxf6 7. e3 Nd7 8. Bd3 dxc4 9. Bxc4 g6 10. 0-0 Bg7 11. Qc2 0-0 12. Bb3 Qe7 13. Na4 Kh8 14. Rac1 e5 15. Rfe1 e4 16. Nd2 f5 17. Nc3 Nf6 18. Ne2 g5 19. Qc5 Qxc5 20. Rxc5 Nd7 21. Rc2 Nb6 22. Ng3 Kh7 23. Rc5 Kg6 24. Ra5 Rd8 25. a3 Nd5 26. Rc5 Be6 27. Ne2 h5 28. h4 Bf8 29. Rcc1 gxh4 30. Bxd5 Bxd5 31. Nf4+ Kh6 32. Nxd5 Rxd5 33. f3 c5 34. fxe4 fxe4 35. Nxe4 cxd4 36. exd4 Bg7 37. Kh1 Re8 38. Nc5 Rxe1+ 39. Rxe1 Rxd4 40. Re6+ Kh7 41. Kh2 Rd2 42. Ne4 Rxb2 43. Ng5+ Kg8 44. Re8+ Bf8 45. Ra8 Rb6 46. Rxa7 Bd6+ 47. Kh3 Be7 48. Ra5 Kg7 49. Nf3 Kh6 50. Nxh4 Rb3+ 51. g3 Bxa3 52. Nf5+ Kg6 53. Nh4+ Kf7 54. Rxh5 b5 55. Kg4 Ke6 56. Ng2 Bd6 1/2-1/2

[Event "Alushta"]
[Site "Alushta"]
[Date "2000.??.??"]
[Round "4"]
[White "Riazantsev, Alexander"]
[Black "Ragozin, Evgeni"]
[Result "1-0"]
[WhiteElo "2442"]
[BlackElo "2475"]
[PlyCount "125"]
[EventDate "2000.??.??"]
[EventType "tourn"]
[EventRounds "15"]
[EventCountry "UKR"]
[EventCategory "8"]
[SourceTitle "EXT 2001"]
[Source "ChessBase"]
[SourceDate "2000.11.22"]
[SourceVersion "1"]
[SourceVersionDate "2000.11.22"]
[SourceQuality "1"]

1. d4 d5 2. c4 c6 3. Nf3 Nf6 4. Nc3 a6 5. a4 Bf5 6. Qb3 Ra7 7. Bf4 e6 8. e3 a5 9. Be2 h6 10. 0-0 Be7 11. h3 Nbd7 12. Rfc1 0-0 13. Qd1 Ra8 14. Bd3 Bxd3 15. Qxd3 dxc4 16. Qxc4 Qb6 17. Qe2 Qa6 18. Kf1 Nd5 19. Bg3 Nb4 20. Qxa6 Nxa6 21. Ke2 Rfd8 22. Nd2 Rdc8 23. Nce4 Nb4 24. Nc4 Ra7 25. f3 f5 26. Ned2 Nd5 27. Nb3 Bb4 28. Ne5 Nxe5 29. Bxe5 h5 30. Nc5 Bxc5 31. dxc5 Rf8 32. g3 Rf7 33. Rf1 Ra8 34. e4 Ne7 35. Bc3 Ng6 36. Rad1 Raf8 37. Bxa5 Ra8 38. Rd8+ Rf8 39. Rxa8 Rxa8 40. b4 Ne5 41. Rd1 fxe4 42. fxe4 Kf8 43. Bc7 Nf7 44. a5 e5 45. Kd3 Ke7 46. Kc4 Rc8 47. Bd6+ Ke6 48. h4 Nh6 49. b5 Ng4 50. bxc6 bxc6 51. Ra1 Nf2 52. a6 Nxe4 53. a7 Ra8 54. Bb8 Nf6 55. Ra6 Kd7 56. Rb6 g6 57. Rb7+ Ke6 58. Rc7 Ne4 59. Rxc6+ Kf5 60. Rb6 Nxg3 61. c6 Ke6 62. c7+ Kd7 63. Rd6+ 1-0

[Event "Vlissingen HZ op 03rd"]
[Site "Vlissingen"]
[Date "1999.08.14"]
[Round "6"]
[White "Ragozin, Evgeni"]
[Black "Savchenko, Stanislav"]
[Result "0-1"]
[WhiteElo "2485"]
[BlackElo "2583"]
[PlyCount "106"]
[EventDate "1999.08.09"]
[EventType "swiss"]
[EventRounds "7"]
[EventCountry "NED"]
[SourceTitle "EXT 2000"]
[Source "ChessBase"]
[SourceDate "1999.11.16"]
[SourceVersion "1"]
[SourceVersionDate "1999.11.16"]
[SourceQuality "1"]

1. Nf3 d5 2. g3 c6 3. h3 g6 4. Bg2 Bg7 5. 0-0 e5 6. d3 Ne7 7. e4 0-0 8. Nbd2 h6 9. a4 Be6 10. Re1 Nd7 11. Nf1 f5 12. exf5 Nxf5 13. N1h2 Qc7 14. Bd2 Rae8 15. Ng4 Bf7 16. c3 g5 17. b4 Bg6 18. Rc1 Kh8 19. a5 Nd6 20. Be3 b6 21. axb6 axb6 22. Ra1 Nb5 23. Rc1 d4 24. cxd4 exd4 25. Bd2 Nc3 26. Bxc3 dxc3 27. Rxe8 Rxe8 28. d4 c2 29. Rxc2 Bxc2 30. Qxc2 Qd6 31. Ne3 Qe6 32. Nf5 Qe4 33. Qxe4 Rxe4 34. Kf1 Re6 35. Ne1 Nb8 36. Nc2 Na6 37. Nxg7 Kxg7 38. Bf3 Kf6 39. Be2 Nc7 40. Bc4 Re8 41. Ne3 b5 42. Be2 Rd8 43. Ng4+ Ke6 44. Ne5 Rd6 45. Bf3 Rxd4 46. Nxc6 Rc4 47. Ke1 Na6 48. Bg4+ Kd6 49. Nd8 Ke7 50. Nb7 Nxb4 51. Be2 Rc7 52. Na5 Nc2+ 53. Kd2 Nd4 0-1

[Event "Vlissingen HZ op 03rd"]
[Site "Vlissingen"]
[Date "1999.08.13"]
[Round "5"]
[White "Bodicker, Rob"]
[Black "Ragozin, Evgeni"]
[Result "0-1"]
[WhiteElo "2183"]
[BlackElo "2485"]
[PlyCount "52"]
[EventDate "1999.08.09"]
[EventType "swiss"]
[EventRounds "7"]
[EventCountry "NED"]
[SourceTitle "EXT 2000"]
[Source "ChessBase"]
[SourceDate "1999.11.16"]
[SourceVersion "1"]
[SourceVersionDate "1999.11.16"]
[SourceQuality "1"]

1. d4 f5 2. g3 Nf6 3. Bg2 g6 4. Nh3 c6 5. c4 d6 6. d5 Bg7 7. Nf4 0-0 8. h4 e5 9. dxe6 Qe7 10. h5 g5 11. h6 Bh8 12. Nh3 g4 13. Nf4 Na6 14. Qc2 Bxe6 15. Nxe6 Qxe6 16. Bf4 Rfe8 17. e3 d5 18. Nd2 d4 19. 0-0-0 Rad8 20. Kb1 dxe3 21. Bxe3 f4 22. gxf4 Nb4 23. f5 Qe5 24. Qb3 Qxf5+ 25. Ne4 Nxe4 26. Qxb4 Nc3+ 0-1

[Event "Nord West Cup"]
[Site "Germany"]
[Date "1999.02.05"]
[Round "2"]
[White "Ragozin, Evgeni"]
[Black "Eickhoff, Hermann"]
[Result "1-0"]
[WhiteElo "2486"]
[BlackElo "2168"]
[PlyCount "45"]
[EventDate "1999.??.??"]
[EventType "swiss"]
[EventRounds "6"]
[EventCountry "GER"]
[SourceTitle "EXT 2002"]
[Source "ChessBase"]
[SourceDate "2001.11.25"]
[SourceVersion "1"]
[SourceVersionDate "2001.11.25"]
[SourceQuality "1"]

1. c4 Nf6 2. Nc3 e6 3. e4 Bb4 4. e5 Bxc3 5. dxc3 Ng8 6. Qg4 Kf8 7. Nf3 Nc6 8. Bf4 f5 9. Qg3 Nge7 10. h4 b6 11. h5 Qe8 12. h6 g6 13. Qh4 g5 14. Qxg5 Qg6 15. Qh4 Bb7 16. 0-0-0 Ke8 17. Bg5 Rg8 18. Bf6 a5 19. Bg7 a4 20. Be2 Kd8 21. Ng5 Qxg7 22. hxg7 Rxg7 23. Nxe6+ 1-0

[Event "Krakow op-A"]
[Site "Krakow"]
[Date "1999.??.??"]
[Round "?"]
[White "Ragozin, Evgeni"]
[Black "Vysochin, Spartak"]
[Result "1-0"]
[WhiteElo "2485"]
[BlackElo "2485"]
[PlyCount "59"]
[EventDate "1999.??.??"]
[EventType "swiss"]
[EventRounds "11"]
[EventCountry "POL"]
[SourceTitle "EXT 2002"]
[Source "ChessBase"]
[SourceDate "2001.11.25"]
[SourceVersion "1"]
[SourceVersionDate "2001.11.25"]
[SourceQuality "1"]

1. c4 e5 2. Nc3 Bb4 3. Nd5 Bc5 4. Nf3 e4 5. Ng5 e3 6. f4 exd2+ 7. Bxd2 c6 8. Nc3 Nf6 9. Qc2 d5 10. cxd5 cxd5 11. e4 Bb6 12. e5 Ng4 13. Nb5 Kf8 14. Nd6 Bf2+ 15. Kd1 Be6 16. f5 Bd7 17. Ndxf7 Qb6 18. e6 Be8 19. Nxh8 Nc6 20. f6 Nxf6 21. Nxh7+ Nxh7 22. Qxh7 Qxb2 23. Rb1 Qxa2 24. Ng6+ Bxg6 25. Qxg6 Qa4+ 26. Ke2 Ne5 27. e7+ Kg8 28. Qe6+ Nf7 29. Kxf2 Re8 30. Bb5 1-0

[Event "Wuerzburg op 14th"]
[Site "Wuerzburg"]
[Date "1998.??.??"]
[Round "4"]
[White "Held, Markus"]
[Black "Ragozin, Evgeni"]
[Result "1/2-1/2"]
[WhiteElo "2265"]
[BlackElo "2480"]
[PlyCount "84"]
[EventDate "1998.??.??"]
[EventType "swiss"]
[EventRounds "7"]
[EventCountry "GER"]
[SourceTitle "EXT 2001"]
[Source "ChessBase"]
[SourceDate "2000.11.22"]
[SourceVersion "1"]
[SourceVersionDate "2000.11.22"]
[SourceQuality "1"]

1. e4 c5 2. Nf3 Nc6 3. Bb5 g6 4. Bxc6 bxc6 5. 0-0 Bg7 6. Re1 f6 7. c3 Nh6 8. d4 cxd4 9. cxd4 d6 10. Nc3 Nf7 11. h3 0-0 12. Qc2 Bd7 13. b3 Qa5 14. Bb2 Rac8 15. Nd2 Rfe8 16. Nc4 Qh5 17. Rad1 Bxh3 18. gxh3 Ng5 19. Re3 Nxh3+ 20. Kf1 Nf4 21. Rg3 d5 22. Ne3 e5 23. dxe5 Rxe5 24. Ne2 Qh1+ 25. Rg1 Qh3+ 26. Ke1 Nxe2 27. Qxe2 Rxe4 28. Rd4 Rxd4 29. Bxd4 Re8 30. Kd2 Qh2 31. Rc1 Qf4 32. Bxa7 Kh8 33. Kd1 f5 34. Rxc6 Qe4 35. Qc2 Qh1+ 36. Kd2 d4 37. Rc8 dxe3+ 38. Bxe3 Qd5+ 39. Kc1 Qh1+ 40. Kd2 Qd5+ 41. Kc1 Qh1+ 42. Kd2 Qd5+ 1/2-1/2